| 000 | 00420nam a22001337a 4500 | ||
|---|---|---|---|
| 082 |
_a940.5441 _bFAR _cL-30, P-123 |
||
| 100 |
_aFarrer-Hockley, Anthony _948996 |
||
| 245 |
_aAirborne carpet operation market garden _c Anthony Farrer-Hockley. |
||
| 260 |
_aUnited States of America _bAnthony Farrer-Hockley _c1969 |
||
| 300 | _a180 P | ||
| 526 |
_a0 _b0 _c0 _d940_544100000000000_FAR |
||
| 650 |
_aMCE _9379 |
||
| 942 |
_2ddc _cBK |
||
| 999 |
_c551839 _d551839 |
||